00709 2200229 4500001002100000005001700021008004100038020001800079035002500097090002000122100002200142245010600164250001100270260003000281300002800311500005200339650002000391700002500411700001400436850001200450990001700462YOGYA-0209000000013920150424102500.0 ind  a979-3253-36-2 a0010-020900000000139 aR 920.72bRol S aROLKA, Gail Meyer a100 wanita yang mengguncang duniacGail Meyer Rolka; penerjemah Ana Budi Kuswandari; editor M. Sholeh aCet. 1 a[S.l.]bDelapratasac2004 ax, 205 hlmbilusc21 cm aJudul asli : 100 women who shapid world history aBiografi wanita aBudi Kuswandani, Ana aShaleh, M aYOPDYOG a3069-pd/p.04